Statistics for 5 Letter B Words (Photos)

Click here to take the quiz!

General Stats

  • This quiz has been taken 98 times
  • The average score is 14 of 20

Answer Stats

Answer% Correct
Brain
99%
Beard
98%
Bacon
94%
Black
93%
Berry
90%
Blind
84%
Badge
83%
Booth
76%
Birth
72%
Broke
69%
Blond
66%
Basil
65%
Bride
65%
Brush
65%
Blade
59%
Bully
55%
Botox
52%
Bloom
42%
Bunch
42%
Female Dog
25%

Score Distribution

Percentile by Number Answered

Percent of People with Each Score

Your Score History

You have not taken this quiz